| 000 | 01332nam0a2200337 4500 | ||
|---|---|---|---|
| 001 | RU\NLR\bibl\57167 | ||
| 005 | 20260409070524.0 | ||
| 010 |
_a5-900965-21-X _91 000 |
||
| 021 |
_aRU _b99-35766 _91762 |
||
| 035 | _a(NLR Aleph) 000055754 | ||
| 090 |
_a301239 _c301239 |
||
| 100 | _a19991105d1999 k y0rusy50 ca | ||
| 101 | 0 |
_arus _deng |
|
| 102 | _aRU | ||
| 105 | _aa ||||||||| | ||
| 200 | 1 |
_aЭфир, время и иллюзорность специальной теории относительности (эфирная теория инерциальных систем) _fМ.А. Левин |
|
| 210 |
_aМ. _cЭКОС _d1999 |
||
| 215 |
_a62 c. _cил. _d21 |
||
| 300 | _aРез. на англ. яз. | ||
| 320 | _aБиблиогр.: с. 61 | ||
| 606 | 0 |
_aСпециальная теория относительности _xКритика _92122003 _3RU\NLR\auth\661281256 |
|
| 606 |
_aЭфир (физ.) _3RU\NLR\auth\66324614 _9895388 |
||
| 686 | _aВ312 | ||
| 686 | _aВ313.21в | ||
| 700 | 1 |
_4070 _8rus _7ca _aЛевин _bМ. А. _cканд. техн. наук _f1938- _gМарк Абрамович _3RU\NLR\auth\7787085 _970013 |
|
| 801 | 0 |
_aRU _bNLR _c19991105 _gPSBO |
|
| 801 | 1 |
_aRU _bNLR _c19991105 |
|
| 852 |
_aNLR _j99-4/7413 |
||
| 942 | _cBOOK | ||
| 980 | _aNB | ||